LEADER 00879nas a2200229 i 4500 001 000000139428 003 CaOOAMICUS 005 20050523000000.0 008 050523b1989 it uu u0 0mul r 013 $a113461 020 $a88-7653-569-1 040 $aSeMil$bita 245 10$aElenchus of Biblica 1986 /$cRobert North. 260 $aRoma :$bPontificio Istituto Biblico,$c1989. 300 $a969 p. ;$c24 cm. 700 1 $aNorth, Robert .$0(OLS)http://semarc/name/90933 850 $aSeMil 852 $aSeMil$W1$xVenegono$y1$m6 5 12$j92837$B92837$CSeMilBibl$Z2$F98082 $85 961 $aAbbonamento: Pontificio Istituto Biblico 996 $6020$a88-7653-569-1$9(OLS)http://semarc/number/127462 996 $6245$aElenchus of Biblica 1986$9(OLS)http://semarc/title/203726 996 $6260$aRoma :$bPontificio Istituto Biblico$9(OLS)http://semarc/publisher/30489 LEADER 00439naa a2200133 i 4500 001 000000326442 003 CaOOAMICUS 005 20180831173522.0 008 180831n it u000 u ita u 013 $a37591 040 $aSeMil$bita 245 13$aIl ministero pastorale. 773 0 $aPaulus VI $tPaolo 6..$dRoma : Studium, 2016.$z978-88-382-4406-3$gp.275-292$w()186611 996 $6245$aIl ministero pastorale$9(OLS)http://semarc/title/399524